MARC

LEADER 00000nam0a2200000 4500
001 14046
005 20231030185351.0
010 |a 020142293X 
035 |a (RuTPU)RU\TPU\book\14134 
035 |a BOOK00014203 
090 |a 14046 
100 |a 20011209d1997 m y0engy50 ba 
101 0 |a eng 
102 |a US 
105 |a y j 000zy 
200 1 |a Data Communications, Computer Networks and Open Systems  |f F. Halsall 
205 |a 4th ed. 
210 |a USA  |c Addison-Wesley Publishing Company  |d 1997 
215 |a 907 p. 
225 1 |a Electronic systems engineering series 
610 1 |a вычислительные сети 
610 1 |a компьютерные сети 
610 1 |a информация 
610 1 |a передача 
610 1 |a протоколы 
610 1 |a учебные пособия 
610 1 |a английский язык 
675 |a 681.324(07)  |v 3 
700 1 |a Halsall  |b F.  |g Fred 
801 0 |a RU  |b 63413507  |c 20011209  |g PSBO 
801 2 |a RU  |b 63413507  |c 20110930  |g PSBO 
942 |c BK